Tahmas namah (Record no. 411572)

MARC details
000 -LEADER
fixed length control field 00748nam a2200265Ia 4500
003 - CONTROL NUMBER IDENTIFIER
control field OSt
005 - DATE AND TIME OF LATEST TRANSACTION
control field 20220924122422.0
008 - FIXED-LENGTH DATA ELEMENTS--GENERAL INFORMATION
fixed length control field 220923b |||||||| |||| 00| 0 per d
037 ## - SOURCE OF ACQUISITION
Terms of availability Textual
040 ## - CATALOGING SOURCE
Original cataloging agency ARTS
Transcribing agency ARTS
Language of cataloging per
041 ## - LANGUAGE CODE
Source of code per
Language code of text/sound track or separate title per
100 ## - MAIN ENTRY--PERSONAL NAME
Personal name Khan Tahmas Beg Au.
9 (RLIN) 189461
245 #0 - TITLE STATEMENT
Title Tahmas namah
260 ## - PUBLICATION, DISTRIBUTION, ETC.
Place of publication, distribution, etc. Lahore
Name of publisher, distributor, etc. University of the Punjab Pakistan
Date of publication, distribution, etc. 1986
300 ## - PHYSICAL DESCRIPTION
Extent 385p.
Dimensions cm.
650 ## - SUBJECT ADDED ENTRY--TOPICAL TERM
Topical term or geographic name entry element PERSIAN LANGUAGE - HISTORY
700 ## - ADDED ENTRY--PERSONAL NAME
Personal name Aslam Muhammad Ed.
9 (RLIN) 189462
942 ## - ADDED ENTRY ELEMENTS (KOHA)
Classification part V2,1.M, 164M6
Koha item type Textual
Source of classification or shelving scheme Colon Classification (CC)
Holdings
Withdrawn status Lost status Damaged status Not for loan Home library Current library Date acquired Cost, normal purchase price Total Checkouts Full call number Barcode Date last seen Date last checked out Cost, replacement price Price effective from Koha item type
        Arts Library Arts Library 2022-09-24 150.00 1 V2,1.M 164M6 AL1063103 2025-06-05 2025-06-03 150.00 2022-09-24 Textual
Copyright @ Delhi University Library System